NBA Playoffs 2016 Leaders - Statistics

General Stats
  • This quiz has been taken 36 times
  • The average score is 25 of 39
Answer Stats
Player % Correct
LeBron James
100%
Klay Thompson
97%
Russell Westbrook
97%
Stephen Curry
97%
Tristan Thompson
97%
Danny Green
91%
Draymond Green
91%
Kawhi Leonard
91%
Kevin Durant
91%
Kyrie Irving
91%
DeMar DeRozan
85%
Kevin Love
85%
Kyle Lowry
85%
Andre Iguodala
76%
LaMarcus Aldridge
73%
Serge Ibaka
73%
Damian Lillard
70%
Dwyane Wade
70%
JR Smith
70%
DeAndre Jordan
67%
Paul Millsap
64%
Steven Adams
64%
Al Horford
61%
Andrew Bogut
61%
CJ McCollum
61%
Hassan Whiteside
55%
Harrison Barnes
52%
Jonas Valanciunas
52%
Jeff Teague
48%
Andre Roberson
39%
Shaun Livingston
39%
Goran Dragic
36%
Enes Kanter
33%
Myles Turner
27%
DeMarre Carroll
21%
Mason Plumlee
18%
Matthew Dellavedova
15%
Bismack Biyombo
12%
Cory Joseph
3%
No matching quizzes found
Score Distribution
Percent of People with Each Score
Percentile by Number Answered
Your Score History
You have not taken this quiz